La constitución horizontal : teoría constitucional y giro decolonial /

Zapisane w:
Opis bibliograficzny
1. autor: Médici, Alejandro (autor)
Kolejni autorzy: Sánchez Rubio, David (prólogo) (prólogo)
Format: Książka
Język:hiszpański
Wydane: Aguascalientes, México : San Luis Potosí, México : San Cristóbal de las Casas, México : Centro de Estudios Jurídicos y Sociales Mispat ; Universidad Autónoma de San Luis Potosí ; Educación para las Ciencias en Chiapas, 2012, c2012
Hasła przedmiotowe:
Etykiety: Dodaj etykietę
Nie ma etykietki, Dołącz pierwszą etykiete!

MARC

LEADER 00000nam^a2200000^a^4500
001 000380297
005 20250521000000.0
009 20260310120554.889
020 |a 978-607-8062-20-1 
037 |a Acervo ITESO - Biblioteca 
041 |a ESP 
082 |a 342. 80  |b MED 
100 |a Médici, Alejandro  |e (autor) 
245 1 3 |a La constitución horizontal :  |b teoría constitucional y giro decolonial /  |c A. Médici ; pról. de D. Sánchez Rubio. 
264 4 |a Aguascalientes, México :  |b Centro de Estudios Jurídicos y Sociales Mispat ;  |a San Luis Potosí, México :  |b Universidad Autónoma de San Luis Potosí ;  |a San Cristóbal de las Casas, México :  |b Educación para las Ciencias en Chiapas,  |c 2012, c2012 
300 |a 188 p. 
336 |a texto  |b txt  |2 rdacontenido 
337 |a sin mediación  |b n  |2 rdamedio 
338 |a volumen  |b nc  |2 rdasoporte 
649 |a XX 
650 |a Constitución -  |z Latinoamérica -  |x Tema Principal 
650 |a Instituciones Políticas -  |z Latinoamérica -  |x Historia 
650 |a Pluralismo -  |z Latinoamérica 
650 |a Democratización -  |z Latinoamérica 
650 |a Derecho Constitucional -  |z Latinoamérica 
650 |a Derecho Público -  |z Latinoamérica 
650 |a Latinoamérica -  |x Historia Constitucional -  |x Tema Principal 
700 |a Sánchez Rubio, David  |e (prólogo) 
910 |a Fondo General 
920 |a Impresos - Libros 
930 |a Colección General 
905 |a 101 
901 |a 0500275423  |b IT1  |c ACC  |i D66053  |u 20250521 
902 |a https://opac.biblio.iteso.mx/vufind/Record/000380297